| 000 | 00768nam a2200217 4500 | ||
|---|---|---|---|
| 001 | 135737 | ||
| 003 | ES-MaACL | ||
| 005 | 20250822061905.0 | ||
| 007 | t| | ||
| 008 | 070214s1960 sp r ||||1| spa d | ||
| 100 | 1 |
_aRuiz de Alarcón y Mendoza, Juan. _9100719 |
|
| 245 | 1 | 3 |
_aLa prueba de las promesas _b; y El examen de maridos / _cJuan Ruiz de Alarcón ; prólogo y notas de Agustín Millares Carlo. |
| 260 |
_aMadrid : _bEspasa Calpe, _c1960. |
||
| 300 |
_aXXII, 221 p. ; _c19 cm. |
||
| 490 | 1 | _aClásicos castellanos | |
| 700 | 1 |
_aMillares Carlo, Agustín, _d1893-1980 _981176 |
|
| 740 | 0 | _aEl examen de maridos. | |
| 830 | 0 | 0 |
_aClásicos castellanos (Espasa-Calpe) _9183802 |
| 852 |
_aES-MaACL _jC-21205 _bR.49706 |
||
| 999 |
_c135737 _d135737 |
||